000
00309 a2200145 4500
001
180776
020
_a
040
_c
Magnum
100
_a
Snyder, Robin
240
1
0
_a
Os gobots na terra
_l
por
245
1
0
_a
Os gobots na terra
362
0
_a
1899
697
_a
MAGNITO: IJ/AVENTURA, CRIANCAS
942
_c
BK
999
_c
180776
_d
180776